000 00623nam a2200241Ia 4500
003 OSt
005 20220918180613.0
006 a|||||r|||| 00| 0
007 ta
008 220917b |||||||| |||| 00| 0 eng d
024 _a23,074
037 _cTextual
040 _aARTS
_cARTS
_beng
041 _2eng
_aeng
082 _aO111,6L09:g(R4), K1
100 _aVoitle Robert
_956561
245 0 _aSamuel Johnson
_b The moralist
260 _c1961
300 _axii,188p.
_ccm.
650 _aENGLISH LITERATURE
942 _hO111,6L09:g(R4), K1
_cTEXL
_2CC
999 _c162216
_d162216